[Event "Titled Tuesday intern op 05th Sep Late"]
[Site "Chess.com INT"]
[Date "2023.09.05"]
[Round "3"]
[White "Zenin, Dmitri"]
[Black "Song, Michael"]
[Result "0-1"]
[WhiteElo "2163"]
[BlackElo "2399"]
[PlyCount "68"]
[EventDate "2023.09.05"]
[EventType "swiss (blitz)"]
[EventRounds "11"]
[EventCountry "USA"]
[SourceTitle "EXT 2024"]
[Source "ChessBase"]
[SourceDate "2023.10.10"]
[SourceVersion "1"]
[SourceVersionDate "2023.10.10"]
[SourceQuality "1"]

1. d4 d5 2. c4 e6 3. Nc3 Nf6 4. cxd5 Nxd5 5. e4 Nxc3 6. bxc3 c5 7. Rb1 Be7 8. Nf3 0-0 9. Bc4 Qc7 10. Qe2 b6 11. 0-0 Nd7 12. Rd1 cxd4 13. cxd4 Bb7 14. Bd3 Rac8 15. Bd2 Rfd8 16. a4 Nf8 17. a5 bxa5 18. Rdc1 Qd7 19. Bxa5 Rxc1+ 20. Rxc1 Rc8 21. Rb1 Ng6 22. g3 Qc6 23. Bd2 Ba3 24. h4 f6 25. Rb3 Be7 26. Rc3 Qd7 27. Rxc8+ Qxc8 28. h5 Nf8 29. Bf4 Qc3 30. Bb8 a5 31. Bf4 a4 32. Bd2 Qb2 33. Bc4 a3 34. Be1 Qxe2 0-1

[Event "New York Summer GM-A"]
[Site "New York"]
[Date "2022.07.09"]
[Round "5"]
[White "Song, Michael"]
[Black "Ostrovskiy, Aleksandr A"]
[Result "1-0"]
[WhiteElo "2409"]
[BlackElo "2392"]
[PlyCount "83"]
[EventDate "2022.07.07"]
[EventType "tourn"]
[EventRounds "9"]
[EventCountry "USA"]
[EventCategory "8"]
[SourceTitle "CBM 209 Extra"]
[Source "ChessBase"]
[SourceDate "2022.09.30"]
[SourceVersion "1"]
[SourceVersionDate "2022.09.30"]
[SourceQuality "1"]

1. d4 d5 2. c4 e6 3. Nc3 c5 4. cxd5 cxd4 5. Qxd4 Nc6 6. Qd1 exd5 7. Qxd5 Bd6 8. Nf3 Nf6 9. Qd1 0-0 10. g3 Bb4 11. Bd2 Qe7 12. Bg2 Rd8 13. 0-0 Bxc3 14. bxc3 Ne4 15. Qc1 Nxd2 16. Nxd2 Qxe2 17. Re1 Qa6 18. Nb3 Bf5 19. Qf4 Bg6 20. Re3 h6 21. h4 Qa3 22. g4 Bc2 23. c4 Bxb3 24. Rxb3 Qe7 25. Bd5 Rd7 26. g5 hxg5 27. hxg5 g6 28. Rh3 Qe5 29. Qxe5 Nxe5 30. f4 Nc6 31. Kf2 Rad8 32. f5 gxf5 33. g6 Kg7 34. gxf7 Ne5 35. Rg1+ Ng4+ 36. Kf3 b5 37. Kf4 Kg6 38. Re1 Rxd5 39. cxd5 Kxf7 40. Rh7+ Kg6 41. Rxa7 Rxd5 42. Re6+ 1-0

[Event "Titled Tuesday intern op 14th Jun Late"]
[Site "Chess.com INT"]
[Date "2022.06.14"]
[Round "2"]
[White "Livaic, Leon"]
[Black "Song, Michael"]
[Result "1/2-1/2"]
[WhiteElo "2569"]
[BlackElo "2409"]
[PlyCount "127"]
[EventDate "2022.06.14"]
[EventType "swiss (blitz)"]
[EventRounds "11"]
[EventCountry "USA"]
[SourceTitle "EXT 2023"]
[Source "ChessBase"]
[SourceDate "2022.10.05"]
[SourceVersion "1"]
[SourceVersionDate "2022.10.05"]
[SourceQuality "1"]

1. d4 Nf6 2. c4 c5 3. d5 e6 4. Nc3 exd5 5. cxd5 d6 6. e4 g6 7. Nf3 Bg7 8. Bg5 h6 9. Bh4 0-0 10. Nd2 Re8 11. Be2 a6 12. a4 Nbd7 13. 0-0 g5 14. Bg3 Ne5 15. f4 gxf4 16. Bxf4 Rb8 17. Kh1 Bd7 18. Bxe5 Rxe5 19. Nc4 Rg5 20. Nxd6 Qe7 21. Nf5 Bxf5 22. exf5 Qd6 23. Qd2 Re8 24. Qf4 Qxf4 25. Rxf4 Nd7 26. Ne4 Bxb2 27. Rb1 Bd4 28. Rxb7 Nf6 29. Bf3 Nxd5 30. Rh4 Rxf5 31. h3 Nf6 32. Nxf6+ Rxf6 33. Rb1 Kg7 34. Rh5 Re5 35. Rxe5 Bxe5 36. Rc1 Bd4 37. Bd5 Rf2 38. Bc4 a5 39. g4 Kf6 40. Rf1 Rxf1+ 41. Bxf1 Ke5 42. Bc4 f6 43. Kg2 Ke4 44. Kf1 Ke3 45. Ke1 Bc3+ 46. Kd1 Kd4 47. Be6 c4 48. Kc2 Bb4 49. Bf7 c3 50. h4 Ke3 51. h5 Kf4 52. Be6 Kg5 53. Bf5 Kf4 54. Be6 Ke5 55. Bf5 Kd4 56. Bd7 Bd6 57. Bf5 Bf4 58. Kb3 Be5 59. Kc2 Ke3 60. Be6 Kd4 61. Bf5 Kc4 62. Be6+ Kb4 63. Bd7 Ka3 64. Be8 1/2-1/2

[Event "Titled Tuesday intern op 14th Jun Late"]
[Site "Chess.com INT"]
[Date "2022.06.14"]
[Round "5"]
[White "Song, Michael"]
[Black "Yuan, Qingyu"]
[Result "0-1"]
[WhiteElo "2409"]
[BlackElo "2373"]
[PlyCount "94"]
[EventDate "2022.06.14"]
[EventType "swiss (blitz)"]
[EventRounds "11"]
[EventCountry "USA"]
[SourceTitle "EXT 2023"]
[Source "ChessBase"]
[SourceDate "2022.10.05"]
[SourceVersion "1"]
[SourceVersionDate "2022.10.05"]
[SourceQuality "1"]

1. d4 d5 2. c4 e6 3. Nc3 Nf6 4. cxd5 exd5 5. Bg5 c6 6. e3 h6 7. Bh4 Be7 8. Bd3 0-0 9. Qc2 Re8 10. 0-0-0 b5 11. Kb1 Nbd7 12. Nge2 Nb6 13. Rc1 a5 14. f3 a4 15. Bf2 b4 16. Nd1 Nc4 17. Bxc4 dxc4 18. Qxc4 Ba6 19. Qc2 b3 20. Qd2 bxa2+ 21. Ka1 a3 22. b3 Rb8 23. Nf4 Rxb3 24. Qxa2 Rb6 25. e4 Qb8 26. Be3 Nd7 27. e5 Nxe5 28. dxe5 Qxe5+ 29. Rc3 Bb4 30. Qd2 Bxc3+ 31. Qxc3 Qxc3+ 32. Nxc3 Rxe3 33. Ne4 Bc4 34. Rc1 Bd5 35. Nc3 Bb3 36. Nb1 a2 37. Nc3 g5 38. Nh5 Be6 39. Nf6+ Kg7 40. Nfe4 f5 41. Nc5 Bf7 42. N5a4 Rb4 43. Nb2 g4 44. fxg4 fxg4 45. Ncd1 Re1 46. Rxc6 Rxd1+ 47. Nxd1 Rb1# 0-1

[Event "Titled Tuesday intern op 31st May Late"]
[Site "Chess.com INT"]
[Date "2022.05.31"]
[Round "3"]
[White "Chigaev, Maksim"]
[Black "Song, Michael"]
[Result "1/2-1/2"]
[WhiteElo "2631"]
[BlackElo "2408"]
[PlyCount "86"]
[EventDate "2022.05.31"]
[EventType "swiss (blitz)"]
[EventRounds "11"]
[EventCountry "USA"]
[SourceTitle "CBM 208 Extra"]
[Source "ChessBase"]
[SourceDate "2022.07.31"]
[SourceVersion "1"]
[SourceVersionDate "2022.07.31"]
[SourceQuality "1"]

1. e4 e5 2. Nf3 Nc6 3. g3 Nf6 4. d3 d5 5. exd5 Nxd5 6. Bg2 Bc5 7. 0-0 0-0 8. Re1 f6 9. c3 Bb6 10. Na3 Bf5 11. Nc4 Qd7 12. Nxb6 Nxb6 13. a4 Qxd3 14. a5 Qxd1 15. Rxd1 Nc4 16. a6 Rad8 17. Re1 b5 18. Nh4 Bd7 19. b3 Nb6 20. Ba3 b4 21. Bxb4 Nxb4 22. cxb4 Be6 23. Rec1 Rf7 24. Rc3 Rfd7 25. Bf3 g5 26. Ng2 f5 27. Ne3 e4 28. Bh5 f4 29. Ng4 Kg7 30. h3 Rd1+ 31. Rxd1 Rxd1+ 32. Kh2 Nd5 33. Rc6 Bxg4 34. Bxg4 Rd2 35. Kg1 e3 36. fxe3 fxg3 37. e4 Ne3 38. Rxc7+ Kf6 39. Rc3 Rg2+ 40. Kh1 Rh2+ 41. Kg1 Rg2+ 42. Kh1 Rh2+ 43. Kg1 Rg2+ 1/2-1/2

[Event "Titled Tuesday intern op 31st May Late"]
[Site "Chess.com INT"]
[Date "2022.05.31"]
[Round "10"]
[White "Song, Michael"]
[Black "Djabri, Massinas"]
[Result "1-0"]
[WhiteElo "2408"]
[BlackElo "2206"]
[PlyCount "71"]
[EventDate "2022.05.31"]
[EventType "swiss (blitz)"]
[EventRounds "11"]
[EventCountry "USA"]
[SourceTitle "CBM 208 Extra"]
[Source "ChessBase"]
[SourceDate "2022.07.31"]
[SourceVersion "1"]
[SourceVersionDate "2022.07.31"]
[SourceQuality "1"]

1. d4 d5 2. c4 e6 3. Nc3 Be7 4. cxd5 exd5 5. Bf4 c6 6. e3 Bf5 7. g4 Be6 8. h4 h5 9. g5 g6 10. Be5 f6 11. gxf6 Bxf6 12. Bd3 Kf7 13. Qc2 Ne7 14. Bxf6 Kxf6 15. Nf3 Bf5 16. Ne5 Nd7 17. e4 dxe4 18. Nxe4+ Bxe4 19. Bxe4 Nxe5 20. dxe5+ Kxe5 21. Kf1 Rf8 22. Re1 Kf6 23. Rg1 Qd4 24. Bxg6 Rg8 25. Re4 Qxe4 26. Bxe4 Rxg1+ 27. Kxg1 Rg8+ 28. Kf1 Rf8 29. Qc5 Kf7 30. Qxh5+ Ke6 31. Qc5 Rf6 32. Qxa7 Ke5 33. Qe3 Kd6 34. h5 Re6 35. h6 Nd5 36. Bxd5 1-0

[Event "Titled Tuesday intern op 31st May Late"]
[Site "Chess.com INT"]
[Date "2022.05.31"]
[Round "4"]
[White "Song, Michael"]
[Black "Jumabayev, Rinat"]
[Result "0-1"]
[WhiteElo "2408"]
[BlackElo "2628"]
[PlyCount "66"]
[EventDate "2022.05.31"]
[EventType "swiss (blitz)"]
[EventRounds "11"]
[EventCountry "USA"]
[SourceTitle "CBM 208 Extra"]
[Source "ChessBase"]
[SourceDate "2022.07.31"]
[SourceVersion "1"]
[SourceVersionDate "2022.07.31"]
[SourceQuality "1"]

1. d4 d6 2. e4 g6 3. Nc3 c6 4. f4 d5 5. e5 h5 6. Nf3 Nh6 7. Be3 Bg4 8. Bf2 e6 9. Bd3 Nf5 10. h3 Bxf3 11. Qxf3 h4 12. Ne2 Nd7 13. c3 c5 14. dxc5 Bxc5 15. 0-0 Bxf2+ 16. Qxf2 Qb6 17. Nd4 Nc5 18. Rad1 Rc8 19. Bb1 Ke7 20. Rd2 Na4 21. Bxf5 gxf5 22. Nf3 Qxf2+ 23. Kxf2 Rc6 24. Ke3 Nb6 25. Re2 Rc4 26. Nd4 Rg8 27. Rff2 Nd7 28. Kd2 a6 29. b3 Rcc8 30. Nf3 Nc5 31. Ke1 Ne4 32. Rf1 Rxc3 33. Nxh4 Rc1# 0-1

[Event "Titled Tuesday intern op 31st May Late"]
[Site "Chess.com INT"]
[Date "2022.05.31"]
[Round "11"]
[White "Song, Michael"]
[Black "Maksimenko, Viktor"]
[Result "1-0"]
[WhiteElo "2408"]
[BlackElo "2181"]
[PlyCount "69"]
[EventDate "2022.05.31"]
[EventType "swiss (blitz)"]
[EventRounds "11"]
[EventCountry "USA"]
[SourceTitle "CBM 208 Extra"]
[Source "ChessBase"]
[SourceDate "2022.07.31"]
[SourceVersion "1"]
[SourceVersionDate "2022.07.31"]
[SourceQuality "1"]

1. d4 Nf6 2. c4 e6 3. Nc3 Bb4 4. e3 0-0 5. Bd3 d5 6. cxd5 exd5 7. a3 Be7 8. Qc2 c5 9. dxc5 Bxc5 10. Nf3 Nc6 11. b4 Bb6 12. Bb2 Bg4 13. Ne2 Rc8 14. Qb3 Re8 15. b5 Na5 16. Qb4 Nc4 17. Bxc4 Rxc4 18. Qb3 Ne4 19. 0-0 Bxf3 20. gxf3 Nd2 21. Qd3 Nxf1 22. Rxf1 Qg5+ 23. Kh1 Qh5 24. e4 Rc5 25. Rg1 f6 26. Bxf6 g6 27. Nf4 Qh6 28. Nxd5 Rc1 29. f4 Rxg1+ 30. Kxg1 Qh5 31. e5 Bc5 32. Bg5 Qg4+ 33. Kf1 Rc8 34. Nf6+ Kh8 35. Nxg4 1-0

[Event "Titled Tuesday intern op 31st May Late"]
[Site "Chess.com INT"]
[Date "2022.05.31"]
[Round "7"]
[White "Tatarinov, Dmitry"]
[Black "Song, Michael"]
[Result "1-0"]
[WhiteElo "2314"]
[BlackElo "2408"]
[PlyCount "123"]
[EventDate "2022.05.31"]
[EventType "swiss (blitz)"]
[EventRounds "11"]
[EventCountry "USA"]
[SourceTitle "CBM 208 Extra"]
[Source "ChessBase"]
[SourceDate "2022.07.31"]
[SourceVersion "1"]
[SourceVersionDate "2022.07.31"]
[SourceQuality "1"]

1. d4 f5 2. c4 Nf6 3. Nc3 d6 4. g3 g6 5. Bg2 Bg7 6. Nh3 0-0 7. d5 c6 8. Nf4 Qe8 9. 0-0 e5 10. dxe6 Bxe6 11. Nxe6 Qxe6 12. Qb3 Rf7 13. Rd1 Na6 14. Bf4 Rd8 15. Rac1 Nh5 16. Bg5 Bf6 17. Bxf6 Nxf6 18. e3 Kg7 19. Ne2 Nc5 20. Qc3 Rfd7 21. b4 Nce4 22. Nf4 Qe7 23. Bxe4 fxe4 24. b5 Kf7 25. h4 h6 26. bxc6 bxc6 27. Qa5 Qe5 28. Qxe5 dxe5 29. Rxd7+ Rxd7 30. Ne2 Rd2 31. Nc3 Ke6 32. Rb1 Rc2 33. Rb3 Kf5 34. Kf1 Ng4 35. Nd1 Rxa2 36. Rb7 Nh2+ 37. Kg2 Nf3 38. Rf7+ Ke6 39. Rf8 Ra1 40. Rd8 Ke7 41. Rg8 Rxd1 42. Rxg6 h5 43. Rxc6 Ra1 44. Rh6 a5 45. Rxh5 a4 46. Rh7+ Kf6 47. Ra7 a3 48. Kh3 a2 49. Kg4 Nd2 50. c5 Ke6 51. c6 Kd6 52. c7 Kd7 53. h5 Nb1 54. h6 Nc3 55. h7 Rh1 56. Ra3 Rxh7 57. Rxc3 Rf7 58. c8Q+ Ke7 59. Rc7+ Kf6 60. Qf5+ Kg7 61. Qxf7+ Kh6 62. Qg7# 1-0

[Event "Toronto Richmond Hill"]
[Site "Richmond Hill"]
[Date "2022.05.19"]
[Round "7"]
[White "Song, Michael"]
[Black "Li, Yunshan"]
[Result "1/2-1/2"]
[WhiteElo "2409"]
[BlackElo "2269"]
[PlyCount "136"]
[EventDate "2022.05.16"]
[EventType "tourn"]
[EventRounds "9"]
[EventCountry "CAN"]
[EventCategory "1"]
[SourceTitle "CBM 209 Extra"]
[Source "ChessBase"]
[SourceDate "2022.09.30"]
[SourceVersion "1"]
[SourceVersionDate "2022.09.30"]
[SourceQuality "1"]

1. d4 d5 2. c4 dxc4 3. Nf3 Nf6 4. e3 e6 5. Bxc4 c5 6. 0-0 Nc6 7. dxc5 Qxd1 8. Rxd1 Bxc5 9. a3 0-0 10. b4 Be7 11. Bb2 b6 12. Nbd2 Bb7 13. Rac1 Rac8 14. Rc2 Nd7 15. Rdc1 Bf6 16. Bxf6 Nxf6 17. Kf1 h6 18. Nb3 Ne7 19. Ke2 Be4 20. Bd3 Bxd3+ 21. Kxd3 Rfd8+ 22. Nbd4 Kf8 23. Rxc8 Rxc8 24. Rxc8+ Nxc8 25. Ne5 Nd5 26. f4 Ke7 27. g3 f6 28. Nc4 Kd7 29. e4 Nde7 30. f5 exf5 31. exf5 Nc6 32. Ne6 g5 33. b5 N6e7 34. g4 Nd6 35. Nf8+ Kc7 36. Ne6+ Kd7 37. Nxd6 Kxd6 38. Ke4 Nd5 39. Kd4 Ne7 40. Ng7 Ng8 41. Nh5 Kd7 42. Kd5 Ne7+ 43. Kd4 Ng8 44. Ng3 Ne7 45. Ne4 Ng8 46. h3 Ke7 47. Nc3 Kd7 48. Nd5 Kd6 49. a4 Kd7 50. Ne3 Ne7 51. Nd5 Ng8 52. Nc3 Ne7 53. Ne4 Ng8 54. Kc4 Ke7 55. a5 bxa5 56. Kb3 h5 57. gxh5 Nh6 58. Ka4 Nxf5 59. Kxa5 Kf7 60. Ka6 Nd4 61. h6 Kg6 62. h7 Kxh7 63. Nxf6+ Kg6 64. Ne4 Kh5 65. Nxg5 Kxg5 66. b6 axb6 67. Kxb6 Kh4 68. Kb7 Kxh3 1/2-1/2

[Event "Toronto Richmond Hill"]
[Site "Richmond Hill"]
[Date "2022.05.18"]
[Round "5"]
[White "Song, Michael"]
[Black "Wang, Tianqi"]
[Result "0-1"]
[WhiteElo "2409"]
[BlackElo "2401"]
[PlyCount "170"]
[EventDate "2022.05.16"]
[EventType "tourn"]
[EventRounds "9"]
[EventCountry "CAN"]
[EventCategory "1"]
[SourceTitle "CBM 209 Extra"]
[Source "ChessBase"]
[SourceDate "2022.09.30"]
[SourceVersion "1"]
[SourceVersionDate "2022.09.30"]
[SourceQuality "1"]

1. d4 Nf6 2. c4 e6 3. Nc3 Bb4 4. e3 0-0 5. Bd3 d5 6. cxd5 exd5 7. a3 Bd6 8. Qc2 c6 9. Nge2 Re8 10. Bd2 a5 11. f3 c5 12. h4 Nc6 13. Nb5 c4 14. Bf5 Bxf5 15. Qxf5 Ne7 16. Qh3 Qb6 17. Nec3 Bb4 18. 0-0 Bxc3 19. Nxc3 Qc6 20. g4 b5 21. Ne2 Nc8 22. Nf4 Nd7 23. g5 Nf8 24. Qf5 Ne7 25. Qg4 Nc8 26. Rac1 Nd6 27. Nh5 Nd7 28. Kf2 Re7 29. Nf4 Ree8 30. Nh5 Re6 31. Nf4 Re7 32. b4 a4 33. h5 f5 34. Qh3 Nf8 35. Nd3 Qe8 36. Nf4 Qc6 37. Rh1 Qb7 38. Qh2 c3 39. Rxc3 Nc4 40. Bc1 Ne6 41. g6 h6 42. Nxe6 Rxe6 43. Qf4 Rf6 44. Ke2 Qe7 45. Bd2 Re6 46. Qxf5 Kh8 47. Qf4 Rf6 48. Qh4 Qd6 49. Qf2 Raf8 50. Rh3 Qe6 51. Qg2 Qf5 52. Rh1 Qd7 53. Rf1 Qf5 54. Rh1 Qe6 55. Qh3 Rf5 56. Be1 Re8 57. Bf2 Qf6 58. Qh4 Qf8 59. Qh3 Qf6 60. Qg4 Qf8 61. Bg3 Rg5 62. Qh3 Qf6 63. Rd1 Rf5 64. Qg4 Rg5 65. Qh3 Rf5 66. Qg4 Rg5 67. Qd7 Rf8 68. Bf4 Rg2+ 69. Kf1 Nxe3+ 70. Rxe3 Qxf4 71. Qe7 Rg3 72. Qxf8+ Qxf8 73. Kf2 Rg4 74. Rde1 Re4 75. Rxe4 dxe4 76. Rxe4 Qd8 77. d5 Kg8 78. d6 Kf8 79. Rd4 Qb6 80. Ke3 Ke8 81. d7+ Kd8 82. Ke4 Qe6+ 83. Kf4 Qb3 84. Ke5 Qxa3 85. Ke6 Qe3+ 0-1

[Event "Toronto Richmond Hill"]
[Site "Richmond Hill"]
[Date "2022.05.17"]
[Round "4"]
[White "Ouellet, Maili Jade"]
[Black "Song, Michael"]
[Result "0-1"]
[WhiteElo "2212"]
[BlackElo "2409"]
[PlyCount "120"]
[EventDate "2022.05.16"]
[EventType "tourn"]
[EventRounds "9"]
[EventCountry "CAN"]
[EventCategory "1"]
[SourceTitle "CBM 209 Extra"]
[Source "ChessBase"]
[SourceDate "2022.09.30"]
[SourceVersion "1"]
[SourceVersionDate "2022.09.30"]
[SourceQuality "1"]

1. d4 d6 2. c4 e5 3. Nf3 e4 4. Ng5 f5 5. Nc3 Be7 6. Nh3 Nf6 7. Bg5 0-0 8. e3 c6 9. Be2 Na6 10. 0-0 h6 11. Bxf6 Bxf6 12. Nf4 g5 13. Nh5 Bh8 14. Qb3 Qe8 15. Ng3 g4 16. c5+ d5 17. Bxa6 bxa6 18. Nge2 Kh7 19. Nf4 Bf6 20. Qa4 Bd8 21. b4 Bc7 22. Nce2 a5 23. bxa5 Ba6 24. Rfb1 Rb8 25. Rxb8 Bxb8 26. Rb1 Bc7 27. Rb3 Qd7 28. Nc3 Rd8 29. Nce2 Kg7 30. Ng3 Kf6 31. Nge2 Rb8 32. Nc3 Bc4 33. Rxb8 Bxb8 34. Qb4 Qc8 35. Nb1 Bc7 36. Nd2 Ba6 37. Nb3 Kg5 38. Qe1 h5 39. g3 Kh6 40. Kg2 Bxf4 41. exf4 Qb8 42. Qc3 Qb5 43. Qe1 Qd3 44. h4 Kg6 45. Kh2 Qc4 46. Qe3 Kf7 47. Qe1 Ke6 48. Qd1 Kd7 49. Kg2 Kc7 50. Nc1 Qc3 51. Nb3 Qf3+ 52. Qxf3 exf3+ 53. Kg1 Kb7 54. Nd2 Bd3 55. Nb3 Ka6 56. Kh1 Kb5 57. Kg1 Kb4 58. Kh1 a6 59. Kg1 Kc3 60. Kh1 Bc4 0-1

[Event "Toronto Richmond Hill"]
[Site "Richmond Hill"]
[Date "2022.05.16"]
[Round "1"]
[White "Ivanov, Mike"]
[Black "Song, Michael"]
[Result "1/2-1/2"]
[WhiteElo "2359"]
[BlackElo "2409"]
[PlyCount "66"]
[EventDate "2022.05.16"]
[EventType "tourn"]
[EventRounds "9"]
[EventCountry "CAN"]
[EventCategory "1"]
[SourceTitle "CBM 209 Extra"]
[Source "ChessBase"]
[SourceDate "2022.09.30"]
[SourceVersion "1"]
[SourceVersionDate "2022.09.30"]
[SourceQuality "1"]

1. e4 c5 2. Nf3 Nc6 3. Bb5 e5 4. 0-0 Bd6 5. c3 a6 6. Bc4 Nf6 7. Re1 0-0 8. a4 Bc7 9. d3 h6 10. Nbd2 Rb8 11. h3 d6 12. Qe2 Be6 13. Nf1 b5 14. axb5 axb5 15. Bxe6 fxe6 16. Be3 Qd7 17. Ng3 b4 18. d4 bxc3 19. dxe5 cxb2 20. Rad1 b1Q 21. Rxb1 dxe5 22. Bxc5 Rfd8 23. Qc4 Kh7 24. Be3 Rbc8 25. Kh2 Nd4 26. Red1 Bb8 27. Qa6 Rc6 28. Qa4 Nxf3+ 29. gxf3 Bd6 30. Rd2 Rdc8 31. Rdb2 Qf7 32. Rb6 Qe8 33. Rxc6 Qxc6 1/2-1/2

[Event "Titled Tuesday intern op 10th May Early"]
[Site "Chess.com INT"]
[Date "2022.05.10"]
[Round "4"]
[White "Nagy, Gabor"]
[Black "Song, Michael"]
[Result "1-0"]
[WhiteElo "2503"]
[BlackElo "2408"]
[PlyCount "53"]
[EventDate "2022.05.10"]
[EventType "swiss (blitz)"]
[EventRounds "11"]
[EventCountry "USA"]
[SourceTitle "CBM 208 Extra"]
[Source "ChessBase"]
[SourceDate "2022.07.31"]
[SourceVersion "1"]
[SourceVersionDate "2022.07.31"]
[SourceQuality "1"]

1. d4 f5 2. c4 Nf6 3. Nc3 g6 4. h4 d6 5. Bg5 Bg7 6. e3 0-0 7. Be2 h6 8. Bxf6 Bxf6 9. Nd5 Bg7 10. Nf4 Qe8 11. h5 g5 12. Ng6 Rf7 13. Nf3 c6 14. Qc2 e5 15. dxe5 dxe5 16. 0-0-0 e4 17. Nd4 Na6 18. c5 Kh7 19. Bc4 Rf6 20. Bb3 Bf8 21. Kb1 Nxc5 22. f4 g4 23. Qc3 Nxb3 24. Nxf8+ Qxf8 25. Nxb3 Be6 26. Nc5 Bd5 27. Nd7 1-0

[Event "Charlotte CCCSA Spring GM-A"]
[Site "Charlotte"]
[Date "2022.05.05"]
[Round "2"]
[White "Song, Michael"]
[Black "Stremavicius, Titas"]
[Result "1/2-1/2"]
[WhiteElo "2408"]
[BlackElo "2508"]
[PlyCount "109"]
[EventDate "2022.05.04"]
[EventType "tourn"]
[EventRounds "9"]
[EventCountry "USA"]
[EventCategory "8"]
[SourceTitle "CBM 208 Extra"]
[Source "ChessBase"]
[SourceDate "2022.07.31"]
[SourceVersion "1"]
[SourceVersionDate "2022.07.31"]
[SourceQuality "1"]

1. d4 d5 2. c4 e6 3. Nc3 Nf6 4. cxd5 exd5 5. Bg5 c6 6. e3 Nbd7 7. Bd3 Be7 8. Qc2 h6 9. Bh4 Nh5 10. Bxe7 Qxe7 11. 0-0-0 Nb6 12. Kb1 g6 13. Nf3 Ng7 14. Ne5 Nd7 15. Nxd7 Bxd7 16. e4 dxe4 17. Bxe4 0-0 18. d5 Rad8 19. Ka1 Qf6 20. Bf3 Nf5 21. Ne4 Qg7 22. Nc5 Bc8 23. dxc6 bxc6 24. Qc3 Nd4 25. Be4 Rfe8 26. Rhe1 Bf5 27. Bxf5 Nxf5 28. Rxd8 Rxd8 29. Ne4 Qxc3 30. Nxc3 Kf8 31. g3 Nd4 32. Rd1 Nc2+ 33. Kb1 Rxd1+ 34. Nxd1 Nd4 35. h4 f5 36. Ne3 Ke7 37. Kc1 f4 38. gxf4 Ne2+ 39. Kd2 Nxf4 40. Ng4 h5 41. Ne5 Kd6 42. Nf3 Kd5 43. Ke3 Ng2+ 44. Kd3 a6 45. b3 Kc5 46. Ke4 Kb4 47. Ke5 Ka3 48. Kf6 Kxa2 49. Kxg6 Kxb3 50. Nd4+ Kc4 51. Nxc6 Kc5 52. Na5 Nxh4+ 53. Kxh5 Nf3 54. Kg4 Nd2 55. Kf4 1/2-1/2

[Event "Charlotte CCCSA Spring GM-A"]
[Site "Charlotte"]
[Date "2022.05.05"]
[Round "3"]
[White "Williams, Justus D"]
[Black "Song, Michael"]
[Result "0-1"]
[WhiteElo "2417"]
[BlackElo "2408"]
[PlyCount "90"]
[EventDate "2022.05.04"]
[EventType "tourn"]
[EventRounds "9"]
[EventCountry "USA"]
[EventCategory "8"]
[SourceTitle "CBM 208 Extra"]
[Source "ChessBase"]
[SourceDate "2022.07.31"]
[SourceVersion "1"]
[SourceVersionDate "2022.07.31"]
[SourceQuality "1"]

1. Nf3 f5 2. d3 Nc6 3. e4 e5 4. d4 fxe4 5. Nxe5 Qf6 6. Nxc6 bxc6 7. Be2 d5 8. c4 Bb4+ 9. Nc3 Ne7 10. a3 Bxc3+ 11. bxc3 0-0 12. 0-0 Be6 13. f3 Qg6 14. Ra2 dxc4 15. fxe4 Qxe4 16. Bf3 Qg6 17. Re2 Nd5 18. Re5 Qf7 19. Qa4 Rad8 20. Qxc4 Nf4 21. d5 Nxd5 22. Qxc6 Rd6 23. Qc5 Nb6 24. Be2 Qxf1+ 25. Bxf1 Rd1 26. h3 Rdxf1+ 27. Kh2 Nd7 28. Qc6 Nxe5 29. Qxe6+ Nf7 30. Bg5 Rd1 31. Bf4 c5 32. Qe7 Rf1 33. Be3 Re1 34. Qxc5 Re8 35. Bd4 a6 36. Qd5 h6 37. a4 R1e2 38. Qc6 R8e6 39. Qc4 Ng5 40. Bb6 Nf3+ 41. Kg3 Nd2 42. Qd5 Kh7 43. Bd4 Rg6+ 44. Kh2 Ne4 45. Kh1 Rgxg2 0-1

[Event "Titled Tuesday intern op 12th Apr Late"]
[Site "Chess.com INT"]
[Date "2022.04.12"]
[Round "7"]
[White "Song, Michael"]
[Black "Xu, Yi"]
[Result "0-1"]
[WhiteElo "2424"]
[BlackElo "2507"]
[PlyCount "74"]
[EventDate "2022.04.12"]
[EventType "swiss (blitz)"]
[EventRounds "11"]
[EventCountry "USA"]
[SourceTitle "CBM 207 Extra"]
[Source "ChessBase"]
[SourceDate "2022.05.31"]
[SourceVersion "1"]
[SourceVersionDate "2022.05.31"]
[SourceQuality "1"]

1. e4 c5 2. Nc3 d6 3. f4 g6 4. Bc4 Bg7 5. d3 e6 6. Nf3 Nf6 7. e5 dxe5 8. fxe5 Nfd7 9. Bf4 Nc6 10. Qe2 0-0 11. 0-0 a6 12. a4 b6 13. Rae1 Bb7 14. Qf2 Ne7 15. Ne4 Bxe4 16. Rxe4 Qc8 17. Bg5 Nc6 18. Qh4 Ncxe5 19. Nxe5 Nxe5 20. Bf6 Nxc4 21. Rxc4 Bxf6 22. Qxf6 Qd8 23. Qe5 Rc8 24. b3 Qd5 25. Qf6 b5 26. axb5 axb5 27. Rh4 Qd8 28. Qf4 Qd4+ 29. Qxd4 cxd4 30. Rxd4 Rxc2 31. Rb4 Ra8 32. Rxb5 Raa2 33. Rg5 Rab2 34. Rd1 Rxb3 35. d4 Rbb2 36. d5 exd5 37. h3 Rd2 0-1

[Event "Titled Tuesday intern op 08th Mar Late"]
[Site "Chess.com INT"]
[Date "2022.03.08"]
[Round "5"]
[White "Karttunen, Mika"]
[Black "Song, Michael"]
[Result "1-0"]
[WhiteElo "2489"]
[BlackElo "2424"]
[PlyCount "79"]
[EventDate "2022.03.08"]
[EventType "swiss (blitz)"]
[EventRounds "11"]
[EventCountry "USA"]
[SourceTitle "CBM 207 Extra"]
[Source "ChessBase"]
[SourceDate "2022.05.31"]
[SourceVersion "1"]
[SourceVersionDate "2022.05.31"]
[SourceQuality "1"]

1. c4 e5 2. Nc3 Nf6 3. g3 d5 4. cxd5 Nxd5 5. Bg2 Nb6 6. d3 Nc6 7. Nf3 Be7 8. 0-0 0-0 9. a3 a5 10. Be3 Be6 11. Ne4 Nd5 12. Bc5 f6 13. Rc1 b6 14. Bxe7 Ncxe7 15. d4 exd4 16. Nxd4 Bf7 17. Nb5 h6 18. Nxc7 Nxc7 19. Qxd8 Raxd8 20. Rxc7 Nd5 21. Rc6 f5 22. Nd6 Ne7 23. Rxb6 Rb8 24. Rb7 Rxb7 25. Nxb7 Rb8 26. Rd1 Kh7 27. Rd8 Rxd8 28. Nxd8 Bc4 29. Nb7 a4 30. e3 Kg6 31. Nc5 Bb5 32. f4 Kf6 33. Kf2 Nc8 34. e4 fxe4 35. Nxe4+ Ke7 36. Nc3 Bd7 37. Ke3 Nd6 38. Kd4 Nf5+ 39. Kc5 Ne3 40. Nd5+ 1-0

[Event "Titled Tuesday intern op 08th Mar Late"]
[Site "Chess.com INT"]
[Date "2022.03.08"]
[Round "4"]
[White "Song, Michael"]
[Black "Ardila, Oscar Humberto"]
[Result "1-0"]
[WhiteElo "2424"]
[BlackElo "1988"]
[PlyCount "55"]
[EventDate "2022.03.08"]
[EventType "swiss (blitz)"]
[EventRounds "11"]
[EventCountry "USA"]
[SourceTitle "CBM 207 Extra"]
[Source "ChessBase"]
[SourceDate "2022.05.31"]
[SourceVersion "1"]
[SourceVersionDate "2022.05.31"]
[SourceQuality "1"]

1. e4 e5 2. Nf3 Nc6 3. Bc4 Nf6 4. d3 Bc5 5. c3 d6 6. 0-0 0-0 7. Re1 Bg4 8. h3 Bh5 9. Nbd2 a6 10. Bb3 b5 11. Nf1 Na5 12. Bc2 Bb6 13. b4 Nb7 14. a4 c5 15. axb5 axb5 16. Rb1 c4 17. Ng3 Bg6 18. d4 exd4 19. Nxd4 Qd7 20. Bg5 Rfe8 21. Bxf6 gxf6 22. Ndf5 Ra2 23. h4 d5 24. h5 Bxf5 25. Nxf5 Re5 26. Qg4+ Kf8 27. Qg7+ Ke8 28. Qg8# 1-0